000 00478pab a2200169 454500
008 180718b2001 xxu||||| |||| 00| 0 eng d
100 _aDholakia, Ravindra H.
245 _aLiberaliztion in Gujarat: review of recent experience
260 _c2001
300 _ap.179-89
362 _aJan-Dec
650 _aLiberalization - India - Gujarat
650 _aEconomic liberalization - India - Gujarat
650 _aEconomic liberalization
773 _aAnvesak
909 _a51480
999 _c51480
_d51480